000 00386nam a2200145Ia 4500
005 20250729165805.0
008 250729s2007 xx 000 0 und d
041 _aeng
082 _a241.01 HUBS
100 _aHubbard L Ron
_9233055
245 _aScientology : The Foundation of Thought
260 _aDenmark
_bNew Era Publication
_c2007
300 _a241p
650 _aReligion
_9233056
999 _c240090
_d240090